JOURNEY OF A MASTER :the man , the path, the teaching (Record no. 8770)

MARC details
000 -LEADER
fixed length control field 00416nam a22001457a 4500
005 - DATE AND TIME OF LATEST TRANSACTION
control field 20250801110236.0
008 - FIXED-LENGTH DATA ELEMENTS--GENERAL INFORMATION
fixed length control field 250801b |||||||| |||| 00| 0 eng d
020 ## - INTERNATIONAL STANDARD BOOK NUMBER
ISBN 978-81-7597-305-3
041 ## - LANGUAGE CODE
Language code of text/sound track or separate title eng
100 ## - MAIN ENTRY--AUTHOR NAME
Personal name NANCY FREEMAN PATCHEN
245 ## - TITLE STATEMENT
Title JOURNEY OF A MASTER :the man , the path, the teaching
260 ## - PUBLICATION, DISTRIBUTION, ETC. (IMPRINT)
Place of publication MUMBAI
Name of publisher CENTRAL CHINMAYA MISSION TRUST
Year of publication 2024 [RE PRINT]
300 ## - PHYSICAL DESCRIPTION
Number of Pages 446;P
942 ## - ADDED ENTRY ELEMENTS (KOHA)
Koha item type Books
Holdings
Lost status Damaged status Collection code Home library Current library Date acquired Source of acquisition Accession Number Koha item type
    Fiction JRU Library JRU Library 01/08/2025 DONATED 0060/D Books